| 000 | 00757nam a22002057a 4500 | ||
|---|---|---|---|
| 999 |
_c19526 _d19526 |
||
| 003 | AR-CdUCM | ||
| 008 | 190517b ||||| |||| 00| 0 spa d | ||
| 040 |
_aMUNICIPALIDAD PROVINCIAL DEL CUSCO _cBIBLIOTECA MUNICIPAL DEL CUSCO |
||
| 082 |
_a869.56 / _bB65 |
||
| 100 |
_aBlume, Ricardo _937045 |
||
| 245 |
_aNada del otro jueves : _bartículos periodísticos 1981-1989 / |
||
| 260 |
_aLima : _bDesa, _c1989. |
||
| 300 |
_a218 páginas ; _c20 cm. |
||
| 505 | _aContenido: Hora peruana hora exacta -- Hablando ¡se entiende la gente? -- Rompemuelles en el cerebro -- Dime como hablas y te diré ... -- Use, no abuse ... | ||
| 650 |
_aEnsayos _9375 |
||
| 650 |
_aPerú _935 |
||
| 650 |
_aPeriodismo _91929 |
||
| 942 |
_2ddc _cLIBROS |
||
| 945 |
_aachl _d2019-05-17 |
||